00640nam a22001817a 4500003000400000005001700004008004100021020001500062040000700077082001500084100002700099245005400126260007600180300003100256942001800287999001700305952013600322OSt20211230154932.0211230b |||||||| |||| 00| 0 eng d a0198283814 cHU a330.015118 aKreps, David M.924921 aGame theory and economic modellingcDavid M.Kreps a Oxford : Clarendon Press ; New York :b Oxford University Press, 1990. aviii, 195 pages : c 23 cm 2ddccBOOKSn0 c25351d25351 00102ddc40708REFa004b004cGENd2021-12-30l0o330.015118 KRE 1990pWGCFNRL00007930r2021-12-30 00:00:00t1w2021-12-30yBOOKS